LIBRARY & INFORMATION CENTRE, KCAET, TAVANUR

ONLINE PUBLIC ACCESS CATALOGUE (OPAC)

Elements of Food Science (Record no. 13600)

MARC details
000 -LEADER
fixed length control field 00308cam a2200133ua 4500
020 ## - INTERNATIONAL STANDARD BOOK NUMBER
ISBN 9789380179148
082 ## - DEWEY DECIMAL CLASSIFICATION NUMBER
Classification number 664
Item number RAM/FO
100 ## - MAIN ENTRY--AUTHOR NAME
Personal name Ramaswamy, Arindam.
245 ## - TITLE STATEMENT
Title Elements of Food Science
250 ## - EDITION STATEMENT
Edition statement 1.
260 ## - PUBLICATION, DISTRIBUTION, ETC. (IMPRINT)
Place of publication Jaipur:
Name of publisher Oxford Book Company,
Year of publication 2010.
300 ## - PHYSICAL DESCRIPTION
Number of Pages 308.
942 ## - ADDED ENTRY ELEMENTS (KOHA)
Koha item type Books
Holdings
Withdrawn status Lost status Damaged status Collection code Home library Current library Shelving location Date acquired Source of acquisition Cost, normal purchase price Full call number Accession Number Koha item type
        KAUAET KAUAET Scheme 29/08/2016 Penta Books Distributors, Calicut. 1195.00 664 RAM/FO BB 166 Book Bank scheme for SC students
        KAUAET KAUAET Scheme 29/08/2016 Penta Books Distributors, Calicut. 1195.00 664 RAM/FO BB 167 Book Bank scheme for SC students
free website counter